Cuentas financieras de la economía chilena: 1986 - 1990
Zapisane w:
| Korporacja: | |
|---|---|
| Format: | Książka |
| Język: | hiszpański |
| Wydane: |
Santiago
Departamento Publicaciones de la Gerencia de Estudios del Banco Central de Chile
1995
|
| Hasła przedmiotowe: | |
| Etykiety: |
Dodaj etykietę
Nie ma etykietki, Dołącz pierwszą etykiete!
|
MARC
| LEADER | 00000nam a2200000 a 4500 | ||
|---|---|---|---|
| 001 | UCZ6698 | ||
| 003 | CL-VaPUC | ||
| 008 | 951214e19950000CL |||||||||||||||||spa|d | ||
| 082 | 0 | 4 | |a 318.83 |b BAN |2 21 |
| 110 | 2 | |a Banco Central de Chile |e author |9 351148 | |
| 245 | 1 | 0 | |a Cuentas financieras de la economía chilena: 1986 - 1990 |
| 300 | |a 86 p | ||
| 942 | |c BK | ||
| 945 | |d 19951214 00:00:00 |a rleighto | ||
| 260 | |a Santiago |b Departamento Publicaciones de la Gerencia de Estudios del Banco Central de Chile |c 1995 | ||
| 650 | 0 | |a Economía |9 255568 | |
| 650 | 0 | |a Contabilidad |9 261430 | |
| 650 | 7 | |a CONTABILIDAD NACIONAL |2 CL-VaPUC |9 351149 | |
| 651 | 7 | |a CHILE |2 CL-VaPUC |9 351150 | |
| 583 | |a last modification |c 19951214 00:00:00 |k Rodrigo Vera | ||
| 999 | |c 242882 |d 242880 | ||
| 952 | |0 0 |1 0 |4 0 |6 318_830000000000000_BAN_1995 |7 0 |8 F |9 256161 |a BIBENE |b BIBENE |d 2019-11-19 |i 3162192 |o 318.83 BAN 1995 |p 3162192 |r 2025-01-15 |w 2019-11-19 |y BK_F |k ICO | ||